Normal view
MARC view
Entry Personal Name
001 - CONTROL NUMBER
- control field: 23103
003 - CONTROL NUMBER IDENTIFIER
- control field: ARRUPE
005 - DATE AND TIME OF LATEST TRANSACTION
- control field: 20160322090451.0
008 - FIXED-LENGTH DATA ELEMENTS
- fixed length control field: 160322|| aca||aabn | a|a d
040 ## - CATALOGING SOURCE
- Original cataloging agency: ARRUPE
- Transcribing agency: ARRUPE
100 ## - HEADING--PERSONAL NAME
- Personal name: Shaw, Irvin
670 ## - SOURCE DATA FOUND
- Source citation: Work cat.: (ARRUPE)124417: Kline, Herbert 23099, New theatre and film 1934 to 1937, 1985